|
|
|
|
| LEADER |
00000naa2a2200000 4500 |
| 001 |
216731 |
| 005 |
20240119144722.0 |
| 035 |
|
|
|a (RuTPU)RU\TPU\book\236704
|
| 090 |
|
|
|a 216731
|
| 100 |
|
|
|a 20120528d2007 k y0rusy50 ca
|
| 101 |
0 |
|
|a rus
|
| 102 |
|
|
|a RU
|
| 200 |
1 |
|
|a Исследование ветроэнергетических ресурсов Томской области
|f А. И. Муравлев
|
| 320 |
|
|
|a Библиогр.: 5 назв.
|
| 461 |
|
0 |
|0 (RuTPU)RU\TPU\book\136926
|t Современные техника и технологии
|o 13-я Международная научно-практическая конференция студентов, аспирантов и молодых ученых, г. Томск, 26-30 марта 2007 г.
|o труды в 3 т.
|f Томский политехнический университет (ТПУ)
|d 2007
|
| 463 |
|
0 |
|0 (RuTPU)RU\TPU\book\168908
|t Т. 1
|v С. 76-78
|d 2007
|p 547 с.
|
| 610 |
1 |
|
|a ветроэнергетика
|
| 610 |
1 |
|
|a ветроэнергетические ресурсы
|
| 610 |
1 |
|
|a Томская область
|
| 610 |
1 |
|
|a исследование
|
| 610 |
1 |
|
|a труды учёных ТПУ
|
| 700 |
|
1 |
|a Муравлев
|b А. И.
|c специалист в области электроснабжения промышленных предприятий
|c старший преподаватель Томского политехнического университета
|f 1984-
|g Алексей Игоревич
|3 (RuTPU)RU\TPU\pers\26847
|9 12466
|
| 801 |
|
1 |
|a RU
|b 63413507
|c 20120528
|
| 801 |
|
2 |
|a RU
|b 63413507
|c 20220112
|g RCR
|
| 942 |
|
|
|c BK
|